header

Consumer behaviour and material culture in Britain, 1660-1760 (Record no. 68135)

MARC details
000 -LEADER
fixed length control field 01640nam a2200373Ia 4500
100 1# - MAIN ENTRY--AUTHOR NAME
Personal name Weatherill, Lorna.
245 10 - TITLE STATEMENT
Title Consumer behaviour and material culture in Britain, 1660-1760
250 ## - EDITION STATEMENT
Edition statement 2nd ed.
260 ## - PUBLICATION, DISTRIBUTION, ETC. (IMPRINT)
Place of publication London ;
-- New York :
Name of publisher Routledge,
Year of publication 1996.
300 ## - PHYSICAL DESCRIPTION
Number of Pages xxiii, 252 p. :
Other physical details ill.
650 #0 - SUBJECT ADDED ENTRY--TOPICAL TERM
Topical Term Consumers
Topical Term Consumers
856 40 - ELECTRONIC LOCATION AND ACCESS
Uniform Resource Identifier http://site.ebrary.com/lib/rucke/Doc?id=10058093

No items available.

© 2026 Rongo University
Contact us: librarian | system librarian | Rongo university